Cálculo 2 : de varias variables /
Guardado en:
| Autor Principal: | |
|---|---|
| Otros Autores: | |
| Formato: | Libro |
| Idioma: | Spanish English |
| Publicado: |
México :
McGraw-Hill,
c2010.
|
| Edición: | 9.ª ed. |
| Etiquetas: |
Agregar Etiqueta
Sin Etiquetas, Sea el primero en etiquetar este registro!
|
| LEADER | 00712nam a22001935a 4500 | ||
|---|---|---|---|
| 001 | MAT.inmabb006669 | ||
| 008 | 120821s2010####mx#a##########001#0#spa#d | ||
| 005 | 20160321162712.0 | ||
| 245 | 1 | 0 | |a Cálculo 2 : |b de varias variables / |c Ron Larson, Bruce H. Edwards ; revisión técnica, Marlene Aguilar Abalo ... [et al.]. |
| 250 | |a 9.ª ed. | ||
| 260 | |a México : |b McGraw-Hill, |c c2010. | ||
| 300 | |a xvi, p. 695-1142, 60 p. : |b il. ; |c 28 cm. | ||
| 500 | |a Traducción de: Calculus. 9th ed. Brooks/Cole, Cengage Learning, 2010. | ||
| 020 | |a 9789701071342 | ||
| 100 | 1 | |a Larson, Ron, |d 1941- | |
| 700 | 1 | |a Edwards, Bruce H., |d 1946- | |
| 084 | |a 26-01 |2 msc2000 | ||
| 041 | 1 | |a spa |h eng | |
| 859 | |h 26 |i L334c2-9 |p A-8780 |b BIB. MATEMATICA | ||
